Ngữ văn 7

Sách gồm các truyện, thơ trữ tình, thơ lục bát ; hướng dẫn cho các em các điểm ngữ pháp trong Tiếng Việt, và cách làm bài văn biểu cảm.

Spremljeno u:
Bibliografski detalji
Glavni autor: Nguyễn, Khắc Phi
Format: Knjiga
Jezik:Undetermined
Izdano: Hà Nội Giáo dục 2010
Teme:
Oznake: Dodaj oznaku
Bez oznaka, Budi prvi tko označuje ovaj zapis!
Thư viện lưu trữ: Trung tâm Học liệu Trường Đại học Cần Thơ
LEADER 00865nam a2200217Ia 4500
001 CTU_157988
008 210402s9999 xx 000 0 und d
020 |c 8200 
082 |a 495.9220712 
082 |b Ph300/T.1/L.7 
100 |a Nguyễn, Khắc Phi 
245 0 |a Ngữ văn 7 
245 0 |c Nguyễn Khắc Phi (Tổng chủ biên) 
260 |a Hà Nội 
260 |b Giáo dục 
260 |c 2010 
520 |a Sách gồm các truyện, thơ trữ tình, thơ lục bát ; hướng dẫn cho các em các điểm ngữ pháp trong Tiếng Việt, và cách làm bài văn biểu cảm. 
650 |a Vietnamese language 
650 |x Study and teaching (Secondary) 
904 |i Phan Thị Kim Lan (Đào Thị Bé Ba) (Bạch Trúc) 
980 |a Trung tâm Học liệu Trường Đại học Cần Thơ